| 000 | 00691nam a2200217Ia 4500 | ||
|---|---|---|---|
| 003 | OSt | ||
| 005 | 20221005083229.0 | ||
| 006 | a|||||r|||| 00| 0 | ||
| 007 | ta | ||
| 008 | 221004b |||||||| |||| 00| 0 eng d | ||
| 024 | _a121825 | ||
| 037 |
_bGift, 06/10/2012, _cTextual |
||
| 040 |
_aCRL _cCRL _beng |
||
| 041 |
_2eng _aeng |
||
| 082 | _a2:97(D65,8(B)):71, M9 | ||
| 245 | 0 |
_aDevelopment of an information and library network _b Report of the inter agency working group |
|
| 260 |
_aNew Delhi _bUniversity Grants Commission India _c1989 |
||
| 650 | _aLIBRARY SCIENCE | ||
| 942 |
_h2:97(D65,8(B)):71, M9 _cTEXL _2cc |
||
| 999 |
_c990517 _d990517 |
||